Statistics for Municipalities of Outagamie County, Wisconsin

Click here to take the quiz!

General Stats

  • This quiz has been taken 28 times
  • The average score is 25 of 36

Answers on the Map

Answers color-coded by a green-red scale on the quiz's map according to % correct below.
 

Answer Stats

Answer% Correct
City of Appleton
91%
Town of Oneida
91%
Village of Little Chute
91%
City of Kaukauna
82%
City of Seymour
82%
Town of Kaukauna
82%
Town of Seymour
82%
Village of Hortonville
82%
Village of Kimberly
82%
Census Designated Place of Dale
73%
City of New London
73%
Town of Black Creek
73%
Town of Bovina
73%
Town of Center
73%
Town of Dale
73%
Town of Deer Creek
73%
Town of Ellington
73%
Town of Grand Chute
73%
Town of Hortonia
73%
Town of Liberty
73%
Village of Bear Creek
73%
Village of Black Creek
73%
Village of Nichols
73%
Village of Shiocton
73%
Town of Buchanan
64%
Town of Freedom
64%
Town of Greenville
64%
Village of Combined Locks
64%
Village of Harrison
64%
Village of Wrightstown
64%
Town of Osborn
55%
Town of Cicero
45%
Town of Maine
36%
Town of Maple Creek
36%
Village of Howard
36%
Town of Vandenbroek
27%

Score Distribution

Percentile by Number Answered

Percent of People with Each Score

Your Score History

You have not taken this quiz